El Rec /
Descripción Física:
Il·lustracions
Colección:
San Jorge,
; núm. 21 (gener 1956), pàg 64-67
Idioma:
Español
MARC
| LEADER | 00000naa a2200000 a 4500 | ||
|---|---|---|---|
| 003 | Arxiu | ||
| 005 | 20260324181044.0 | ||
| 008 | 160829s1956 spcaxx s spa c | ||
| 040 | |a AGDB | ||
| 100 | 1 | |a Léonard, Jacques, |d 1909-1995 |9 55136 |e autor | |
| 245 | 1 | 3 | |a El Rec / |c por J. Léonard |
| 300 | |b Il·lustracions | ||
| 490 | |a San Jorge, |v núm. 21 (gener 1956), pàg 64-67 | ||
| 651 | 0 | |9 55947 |a Rec (Igualada) | |
| 651 | 0 | |9 55942 |a Igualada (Catalunya) |x Història | |
| 773 | |g Núm. 21 (gener 1956), pàg 64-67 |t San Jorge. | ||
| 901 | |a Arxiu | ||
| 942 | |n 1 |2 udc |c ART | ||
| 952 | |0 0 |1 0 |4 0 |6 REV511 |7 1 |9 65576 |a Arxiu |b Arxiu |d 2023-03-13 |l 0 |o Rev-511 |r 2023-03-13 00:00:00 |w 2023-03-13 |y ARXIU |z També disponible a Rev-525 | ||
| 999 | |c 50077 |d 50077 | ||